Bharatar buranji/ (Record no. 12294)
[ view plain ]
| 000 -LEADER | |
|---|---|
| fixed length control field | 00585nam a22001937a 4500 |
| 005 - DATE AND TIME OF LATEST TRANSACTION | |
| control field | 20251111060956.0 |
| 008 - FIXED-LENGTH DATA ELEMENTS--GENERAL INFORMATION | |
| fixed length control field | 251111b |||||||| |||| 00| 0 eng d |
| 040 ## - CATALOGING SOURCE | |
| Original cataloging agency | IN-DiNC |
| Transcribing agency | IN-DiNC |
| 041 ## - LANGUAGE CODE | |
| Language code of sung or spoken text | Assamese |
| 082 ## - DEWEY DECIMAL CLASSIFICATION NUMBER | |
| Classification number | 954 |
| Item number | BEN |
| 100 ## - MAIN ENTRY--PERSONAL NAME | |
| Personal name | Benarjee, Anil Chandra |
| Relator term | Author |
| 245 ## - TITLE STATEMENT | |
| Title | Bharatar buranji/ |
| Statement of responsibility, etc. | by Anil Chandra Benarjee |
| 250 ## - EDITION STATEMENT | |
| Edition statement | 2nd ed. |
| 260 ## - PUBLICATION, DISTRIBUTION, ETC. | |
| Place of publication, distribution, etc. | Dibrugarh: |
| Name of publisher, distributor, etc. | Coordination comittee for production of text books, Dibrugarh University, |
| Date of publication, distribution, etc. | 1978. |
| 300 ## - PHYSICAL DESCRIPTION | |
| Extent | 269p. |
| 650 ## - SUBJECT ADDED ENTRY--TOPICAL TERM | |
| Topical term or geographic name entry element | History of India |
| 700 ## - ADDED ENTRY--PERSONAL NAME | |
| Personal name | Baruah, Prafulla Kumar |
| Relator term | Translator |
| 942 ## - ADDED ENTRY ELEMENTS (KOHA) | |
| Source of classification or shelving scheme | Dewey Decimal Classification |
| Koha item type | Books |
| Withdrawn status | Lost status | Source of classification or shelving scheme | Damaged status | Not for loan | Collection code | Home library | Current library | Shelving location | Date acquired | Cost, normal purchase price | Total Checkouts | Full call number | Barcode | Date last seen | Date last checked out | Copy number | Price effective from | Koha item type |
|---|---|---|---|---|---|---|---|---|---|---|---|---|---|---|---|---|---|---|
| Dewey Decimal Classification | History | Central Library, Naharkatiya College | Central Library, Naharkatiya College | General Stacks | 11/11/2025 | 10.00 | 1 | 954 BEN | 4042 | 01/12/2025 | 11/11/2025 | 1 | 11/11/2025 | Books |
